Statistics for Charles Taylor

Click here to take the quiz!

General Stats

  • This quiz has been taken 2 times
  • The average score is 15 of 25

Answer Stats

HintAnswer% Correct
Year in which an election was held and Taylor became president1997
100%
Charles Taylor was a descendant of this group of peopleAmerican Slaves
100%
Liberian president who asked for Taylor's extradition in 2006Ellen Johnson Sirleaf
100%
Type of war fought by Taylor's army, as opposed to conventional warfareGuerrilla Warfare
100%
Taylor agreed to be exiled to this country under U.S. threat in 2003Nigeria
100%
Taylor was sent to this city on trial before the International Criminal CourtThe Hague
100%
Taylor was believed to aid in committing this type of torture against civiliansAmputation / Mutilation
50%
Taylor was believed to engage in arms trade for this commodityBlood Diamonds
50%
Taylor was believed to aid in recruiting these military personnelChild Soldiers
50%
Taylor was believed to have stolen $100 million as part of this crimeEmbezzlement
50%
Taylor led an uprising in 1989 with the above organization, starting this conflictFirst Liberian Civil War
50%
The above was believed to have been backed by this neighboring countryGuinea
50%
The above was believed to have been backed by this neighboring countryIvory Coast
50%
Taylor fled to this country for militia training after being accused by the aboveLibya
50%
Rebel group that rose against Taylor in Northern Liberia in 1999LURD
50%
Rebel group that rose against Taylor in Southern Liberia in 2003MODEL
50%
Leader of the above country who supported Taylor's later uprisingsMuammar Gaddafi
50%
Taylor attempted to murder this warlord during the Monrovia clashes of 1998Roosevelt Johnson
50%
Rebel group in the above country that Taylor secretly sponsoredRUF
50%
Liberian president who gained power in a 1980 coup and who Taylor worked forSamuel K. Doe
50%
The two mentioned rebel groups constituted this war against TaylorSecond Liberian Civil War
50%
Taylor's regional ambitions sparked a war in this neighboring countrySierra Leone
50%
In 2013, Taylor was sentenced to fifty years in custody in this countryUnited Kingdom
50%
Notorious Russian arms dealer whom Taylor allegedly traded withViktor Bout
50%
Taylor later travelled to Ivory Coast, where he founded this organizationNPFL
0%

Score Distribution

Percentile by Number Answered

Percent of People with Each Score

Your Score History

You have not taken this quiz